[Event "Uralsk-ch Women 2019"]
[Site "Khanty-Mansiysk"]
[Date "2019.03.16"]
[Round "5.3"]
[White "Karelina, Viktoriya"]
[Black "Garifullina, Leya"]
[Result "1-0"]
[WhiteElo "1755"]
[BlackElo "2095"]
[Annotator "NA"]
[PlyCount "135"]
[EventDate "2019.03.12"]
[EventType "swiss"]
[EventCountry "RUS"]
[SourceTitle "playchess.com"]
[Source "ChessBase"]
[SourceQuality "1"]
[TimeControl "5400+30"]

1. e4 {[%emt 0:00:00]} c5 {[%emt 0:00:00]} 2. Nf3 {[%emt 0:00:00]} d6 {[%emt 0:00:00]} 3. d4 {[%emt 0:00:00]} cxd4 {[%emt 0:00:33]} 4. Nxd4 {[%emt 0:00:00]} Nf6 {[%emt 0:00:19]} 5. Nc3 {[%emt 0:00:02]} a6 {[%emt 0:00:16]} 6. Nb3 {[%emt 0:00:07]} e5 {[%emt 0:00:29]} 7. Bg5 {[%emt 0:00:15]} Be6 {[%emt 0:00:25] B94: Sicilian Najdorf: 6 Bg5 Nbd7} 8. Qd3 {[%emt 0:09:18]} (8. f4 exf4 9. Qd2 Be7 10. O-O-O Bxb3 11. cxb3 Nc6 12. Bxf4 O-O 13. Bxd6 Bxd6 14. Qxd6 Qa5 15. Be2 {½-½ (76) Kryvoruchko,Y (2695)-Abdusattorov,N (2558) Batumi 2018}) 8... Nbd7 {[%emt 0:05:01]} 9. Be2 {[%emt 0:14:05]} h6 {[%emt 0:05:45]} 10. Bxf6 {[%emt 0:00:32]} Nxf6 {[%emt 0:00:38]} 11. O-O-O $146 {[%emt 0:00:26]} ({Predecessor:} 11. Qg3 b5 12. a3 Qc7 13. Nd2 d5 14. exd5 Nxd5 15. Nxd5 Bxd5 16. O-O {0-1 (34) Jagodzinska,J (2145)-Wierzbicka,E (2030) Konin 1990}) 11... Be7 {[%emt 0:01:11]} 12. Kb1 {[%emt 0:05:15]} Rc8 {[%emt 0:02:24]} 13. h4 {[%emt 0:08:28]} h5 {[%emt 0:10:30]} 14. f3 {[%emt 0:08:32]} Qd7 {[%emt 0:08:46]} 15. Qe3 {[%emt 0:05:53]} Qc6 {[%emt 0:07:00]} 16. Rd2 {[%emt 0:09:37]} b5 {[%emt 0:12:51]} 17. a3 {[%emt 0:01:50]} Qc7 {[%emt 0:05:56]} 18. Qf2 {[%emt 0:06:36]} Rb8 {[%emt 0:03:25]} 19. g4 {[%emt 0:05:50]} ({White should try} 19. Nd5 $15 Bxd5 20. exd5) 19... Nd7 {[%emt 0:10:28]} 20. f4 {[%emt 0:04:06]} hxg4 {[%emt 0:01:58]} 21. f5 {[%emt 0:01:51]} Bc4 {[%emt 0:00:18]} 22. Bxg4 {[%emt 0:01:42]} Nf6 {[%emt 0:00:46]} 23. Be2 {[%emt 0:02:02]} a5 {[%emt 0:01:45]} 24. Qg2 {[%emt 0:08:39]} a4 {[%emt 0:01:22]} 25. Nc1 $1 {[%emt 0:02:58]} b4 $1 {[%emt 0:01:15]} 26. axb4 {[%emt 0:00:02]} Rxb4 {[%emt 0:00:11]} 27. N1a2 {[%emt 0:04:18]} ({Not} 27. Qxg7 $2 Rg8 $19) (27. Bxc4 $15 Qxc4 28. N1a2) 27... Rb8 {[%emt 0:02:05]} 28. Nxa4 {[%emt 0:00:31]} Bxa2+ {[%emt 0:02:20]} 29. Kxa2 {[%emt 0:00:01]} Qa5 {[%emt 0:00:20]} 30. b3 {[%emt 0:00:25]} Nd7 {[%emt 0:00:33]} 31. Rd5 {[%emt 0:00:24]} Nc5 {[%emt 0:02:53]} 32. Qxg7 {[%emt 0:00:05]} Rf8 {[%emt 0:00:11]} 33. f6 {[%emt 0:01:01]} Bd8 {[%emt 0:00:24]} 34. h5 $2 {[%emt 0:00:28]} (34. Bc4) 34... Qa8 {[%emt 0:01:58]} 35. Rxc5 {[%emt 0:00:56]} dxc5 {[%emt 0:00:17]} 36. Bd3 $2 {[%emt 0:01:03]} (36. Bc4 Qc6 37. Rf1) 36... Qc6 {[%emt 0:02:02]} (36... Rb4 $142) 37. Rf1 {[%emt 0:00:20]} Ba5 $2 {[%emt 0:02:11]} (37... c4) 38. h6 {[%emt 0:00:25]} Kd7 {[%emt 0:00:48]} 39. h7 {[%emt 0:00:22]} Ra8 {[%emt 0:00:37]} 40. Rd1 {[%emt 0:00:58]} Kc7 {[%emt 0:00:13]} 41. h8=Q {[%emt 0:00:32]} Rxh8 {[%emt 0:02:25]} 42. Qxf7+ {[%emt 0:00:01]} Kb8 {[%emt 0:00:25]} 43. Qg7 {[%emt 0:00:46]} Rc8 {[%emt 0:00:38]} 44. Kb2 $2 {[%emt 0:00:35]} (44. Kb1 $18 {is the precise move to win.}) 44... c4 {[%emt 0:03:12]} 45. Bxc4 {[%emt 0:00:23]} Bb4 {[%emt 0:00:41]} 46. Rd5 {[%emt 0:00:43]} Rxa4 $2 {[%emt 0:04:03]} (46... Ra7) 47. bxa4 {[%emt 0:00:19]} Rc7 {[%emt 0:00:25]} 48. Qg8+ {[%emt 0:00:45]} Ka7 {[%emt 0:00:31]} 49. Rb5 {[%emt 0:00:28]} Bc3+ {[%emt 0:00:32]} 50. Kxc3 {[%emt 0:00:22]} Rc8 {[%emt 0:00:39]} 51. Qd5 {[%emt 0:00:28]} Qa6 {[%emt 0:00:49]} 52. Qd7+ {[%emt 0:00:28]} Ka8 {[%emt 0:00:03]} 53. Rb8+ {[%emt 0:00:41]} Kxb8 {[%emt 0:00:08]} 54. Qb5+ {[%emt 0:00:25]} Qb7 {[%emt 0:01:17]} 55. Qxb7+ {[%emt 0:00:02]} Kxb7 {[%emt 0:00:04]} 56. a5 {[%emt 0:00:14]} Kc6 {[%emt 0:00:14]} 57. a6 {[%emt 0:00:14]} Kb6 {[%emt 0:00:12]} 58. f7 {[%emt 0:00:11]} Kc5 {[%emt 0:00:23]} 59. Kd3 {[%emt 0:00:25]} Rd8+ {[%emt 0:00:07]} 60. Kc3 {[%emt 0:00:41]} Rc8 {[%emt 0:00:03]} 61. Be6 {[%emt 0:00:36]} Rd8 {[%emt 0:00:15]} 62. Bd7 {[%emt 0:00:26]} Rf8 {[%emt 0:00:05]} 63. Be8 {[%emt 0:00:06]} Kb6 {[%emt 0:00:41]} 64. Kc4 {[%emt 0:00:07]} Rh8 {[%emt 0:01:13]} 65. Kd5 {[%emt 0:00:11]} Kxa6 {[%emt 0:00:25]} 66. Ke6 {[%emt 0:00:07]} Kb6 {[%emt 0:00:42]} 67. Ke7 {[%emt 0:00:03]} Rh7 {[%emt 0:00:03]} 68. Kf6 {[%emt 0:00:03]} 1-0

[Event "Uralsk-ch Women 2019"]
[Site "Khanty-Mansiysk"]
[Date "2019.03.17"]
[Round "6.1"]
[White "Filippova, Darya"]
[Black "Mukhina, Jana"]
[Result "1/2-1/2"]
[WhiteElo "2099"]
[BlackElo "2038"]
[Annotator "NA"]
[PlyCount "119"]
[EventDate "2019.03.12"]
[EventType "swiss"]
[EventCountry "RUS"]
[SourceTitle "playchess.com"]
[Source "ChessBase"]
[SourceQuality "1"]
[TimeControl "5400+30"]

1. Nf3 {[%emt 0:00:00]} Nf6 {[%emt 0:00:00]} 2. c4 {[%emt 0:00:00]} g6 {[%emt 0:00:00]} 3. Nc3 {[%emt 0:00:00]} Bg7 {[%emt 0:00:00]} 4. e4 {[%emt 0:00:04]} d6 {[%emt 0:00:03]} 5. d4 {[%emt 0:00:06]} O-O {[%emt 0:00:15]} 6. Be2 {[%emt 0:01:35]} e5 {[%emt 0:00:42]} 7. dxe5 {[%emt 0:01:00]} dxe5 {[%emt 0:00:08]} 8. Qxd8 {[%emt 0:00:07]} Rxd8 {[%emt 0:00:05]} 9. Bg5 {[%emt 0:01:12]} Re8 {[%emt 0:00:21]} 10. Nd5 {[%emt 0:00:50]} Nxd5 {[%emt 0:00:08]} 11. cxd5 {[%emt 0:00:11]} c6 {[%emt 0:02:31]} 12. Bc4 {[%emt 0:01:15]} cxd5 {[%emt 0:08:01]} 13. Bxd5 {[%emt 0:00:15]} Na6 {[%emt 0:01:55]} 14. Ke2 {[%emt 0:03:39]} Nb4 {[%emt 0:01:55]} 15. Bb3 {[%emt 0:03:16] E92: King's Indian: Classical: 6 Be2 e5: 7 dxe5, 7 Be3 and Petrosian System without 7...Nbd7} Bd7 {[%emt 0:08:44]} (15... Be6 16. Bxe6 Rxe6 17. a3 Nc6 18. Rhd1 f5 19. Be3 Nd4+ 20. Kf1 fxe4 21. Nxd4 exd4 22. Bxd4 Bxd4 23. Rxd4 e3 24. Re1 Rf8 25. Re2 Rxf2+ 26. Rxf2 exf2 27. Kxf2 Re7 {½-½ (27) Mirzoev,A (2543)-Movsziszian,K (2456) Ibiza 2006}) 16. Nd2 {[%emt 0:12:49]} Bb5+ $146 {[%emt 0:04:45]} ({Predecessor:} 16... Nc6 17. Be3 Nd4+ 18. Bxd4 exd4 19. Kd3 Bc6 20. Rac1 Bh6 21. f3 Rac8 22. Rc2 Kf8 {½-½ (30) Hallekamp,G-Schulze,I (2049) Stade 2000}) 17. Bc4 {[%emt 0:05:14]} Bxc4+ {[%emt 0:06:51]} 18. Nxc4 {[%emt 0:00:08]} Nc2 {[%emt 0:05:39]} 19. Rac1 {[%emt 0:01:12]} Nd4+ {[%emt 0:00:02]} 20. Kd1 {[%emt 0:02:37]} b5 {[%emt 0:04:52]} 21. Nd6 {[%emt 0:07:16]} Re6 $15 {[%emt 0:00:41]} 22. Nb7 {[%emt 0:01:17]} Ra6 {[%emt 0:10:52]} 23. a3 {[%emt 0:08:05]} Bf8 {[%emt 0:12:57]} 24. Be3 {[%emt 0:02:09]} b4 {[%emt 0:10:21]} 25. Bxd4 {[%emt 0:02:07]} exd4 {[%emt 0:01:25]} 26. axb4 {[%emt 0:03:18]} Bxb4 {[%emt 0:00:36]} 27. Nc5 {[%emt 0:00:09]} Bxc5 {[%emt 0:04:01]} 28. Rxc5 {[%emt 0:00:02]} Ra1+ {[%emt 0:00:48]} 29. Rc1 {[%emt 0:00:08]} Ra2 {[%emt 0:00:09]} 30. Kc2 {[%emt 0:04:27]} Rb8 {[%emt 0:00:05]} 31. Rb1 {[%emt 0:00:06]} a5 {[%emt 0:00:37]} 32. Rhd1 {[%emt 0:04:18]} a4 {[%emt 0:00:01]} 33. Rd3 {[%emt 0:04:59]} a3 {[%emt 0:00:25]} 34. Rb3 {[%emt 0:07:19]} Rc8+ {[%emt 0:06:57]} 35. Kd3 {[%emt 0:00:57]} axb2 {[%emt 0:00:56]} 36. R1xb2 {[%emt 0:00:19]} Ra4 {[%emt 0:02:30]} 37. Rb4 {[%emt 0:01:37]} Rxb4 {[%emt 0:02:13]} 38. Rxb4 {[%emt 0:00:07]} Rc1 {[%emt 0:00:03]} 39. h4 {[%emt 0:02:07]} h5 {[%emt 0:02:23]} 40. Rxd4 {[%emt 0:00:38]} Rg1 {[%emt 0:00:14]} 41. g3 {[%emt 0:00:09]} Ra1 {[%emt 0:00:10]} 42. Ke3 {[%emt 0:02:15]} Kg7 {[%emt 0:00:14]} 43. Kf4 {[%emt 0:02:12]} Ra2 {[%emt 0:00:19]} 44. f3 {[%emt 0:01:04]} Ra6 {[%emt 0:00:14]} 45. Ke3 {[%emt 0:01:12]} Ra1 {[%emt 0:00:31]} 46. f4 {[%emt 0:00:38]} Rg1 {[%emt 0:00:23]} 47. Kf2 {[%emt 0:00:08]} Ra1 {[%emt 0:00:14]} 48. Rd3 {[%emt 0:00:30]} Ra4 {[%emt 0:00:24]} 49. Ke3 {[%emt 0:00:25]} Rb4 {[%emt 0:00:12]} 50. Kf3 {[%emt 0:02:24]} Rb1 {[%emt 0:00:14]} 51. Re3 {[%emt 0:00:57]} Rf1+ {[%emt 0:01:01]} 52. Ke2 {[%emt 0:00:20]} Ra1 {[%emt 0:00:04]} 53. Rf3 {[%emt 0:01:23]} Ra2+ {[%emt 0:00:11]} 54. Ke3 {[%emt 0:00:14]} Ra3+ {[%emt 0:00:05]} 55. Kf2 {[%emt 0:00:10]} Ra2+ {[%emt 0:00:03]} 56. Kf1 {[%emt 0:00:22]} Ra1+ {[%emt 0:00:07]} 57. Kg2 {[%emt 0:00:06]} Re1 {[%emt 0:00:39]} 58. e5 {[%emt 0:00:09]} Ra1 {[%emt 0:01:47]} 59. f5 {[%emt 0:00:57]} Re1 {[%emt 0:02:50]} 60. fxg6 1/2-1/2

[Event "Uralsk-ch Women 2019"]
[Site "Khanty-Mansiysk"]
[Date "2019.03.17"]
[Round "6.2"]
[White "Kabanova, Ekaterina"]
[Black "Karelina, Viktoriya"]
[Result "1-0"]
[WhiteElo "2086"]
[BlackElo "1755"]
[Annotator "NA"]
[PlyCount "49"]
[EventDate "2019.03.12"]
[EventType "swiss"]
[EventCountry "RUS"]
[SourceTitle "playchess.com"]
[Source "ChessBase"]
[SourceQuality "1"]
[TimeControl "5400+30"]

1. d4 {[%emt 0:02:13]} Nf6 {[%emt 0:00:00]} 2. Nf3 {[%emt 0:00:34]} g6 {[%emt 0:00:00]} 3. Nc3 {[%emt 0:00:12]} d5 {[%emt 0:00:00]} 4. Bf4 {[%emt 0:00:15]} Bg7 {[%emt 0:03:22]} 5. e3 {[%emt 0:02:37]} O-O {[%emt 0:00:08]} 6. Be2 {[%emt 0:00:36]} b6 {[%emt 0:14:59]} 7. Ne5 {[%emt 0:03:09]} Bb7 {[%emt 0:04:41]} 8. h4 {[%emt 0:00:36]} c5 {[%emt 0:07:59]} 9. h5 {[%emt 0:02:25]} Nc6 {[%emt 0:05:02]} 10. hxg6 {[%emt 0:06:25]} fxg6 {[%emt 0:00:29]} 11. Bg4 {[%emt 0:07:28]} Nxg4 {[%emt 0:05:17]} 12. Qxg4 {[%emt 0:00:47]} Nxe5 {[%emt 0:00:41]} 13. Bxe5 $14 {[%emt 0:03:34]} Bf6 {[%emt 0:23:30]} 14. Qe6+ {[%emt 0:05:05]} Rf7 {[%emt 0:07:10]} 15. Rxh7 {[%emt 0:02:43]} Qe8 {[%emt 0:02:07]} 16. Rh6 {[%emt 0:04:15]} Qc8 {[%emt 0:08:11]} 17. Rxg6+ {[%emt 0:02:03]} Kf8 {[%emt 0:00:11]} 18. Qxc8+ {[%emt 0:02:10]} Rxc8 19. Bxf6 {[%emt 0:00:14]} Rxf6 {[%emt 0:01:25]} 20. Rxf6+ {[%emt 0:00:05]} exf6 {[%emt 0:00:04]} 21. Ke2 {[%emt 0:01:10]} cxd4 {[%emt 0:01:18]} 22. exd4 {[%emt 0:00:01]} Ke7 {[%emt 0:00:07]} 23. Rh1 {[%emt 0:00:17]} Ba6+ {[%emt 0:02:05]} 24. Ke3 {[%emt 0:01:38]} Kd6 {[%emt 0:00:05]} 25. Rh5 {[%emt 0:00:39]} 1-0

[Event "Uralsk-ch Women 2019"]
[Site "Khanty-Mansiysk"]
[Date "2019.03.17"]
[Round "6.3"]
[White "Ilona, Beliakova"]
[Black "Semenova, Elena"]
[Result "0-1"]
[WhiteElo "1699"]
[BlackElo "2238"]
[Annotator "NA"]
[PlyCount "66"]
[EventDate "2019.03.12"]
[EventType "swiss"]
[EventCountry "RUS"]
[SourceTitle "playchess.com"]
[Source "ChessBase"]
[SourceQuality "1"]
[TimeControl "5400+30"]

1. d4 {[%emt 0:00:00]} Nf6 {[%emt 0:00:00]} 2. c4 {[%emt 0:00:00]} e6 {[%emt 0:00:00]} 3. Nf3 {[%emt 0:00:02]} d5 {[%emt 0:00:04]} 4. g3 {[%emt 0:01:04]} dxc4 {[%emt 0:00:44]} 5. Qa4+ {[%emt 0:01:23]} Nbd7 {[%emt 0:00:24]} 6. Qxc4 {[%emt 0:00:16]} a6 {[%emt 0:00:25]} 7. a4 {[%emt 0:12:13]} c5 {[%emt 0:04:53]} 8. dxc5 {[%emt 0:04:25]} Bxc5 {[%emt 0:03:54]} 9. Bg2 {[%emt 0:04:38] [#]} b5 $1 {[%emt 0:03:14]} 10. Qc2 {[%emt 0:04:12]} Bb7 {[%emt 0:00:22]} 11. O-O {[%emt 0:01:53]} O-O {[%emt 0:12:00]} 12. Bg5 {[%emt 0:03:41]} Rc8 {[%emt 0:03:37]} 13. Qd2 {[%emt 0:06:09]} h6 {[%emt 0:15:08]} 14. Bxf6 {[%emt 0:04:14]} Nxf6 {[%emt 0:00:12]} ({Much worse is} 14... gxf6 $6 15. Qxh6 Bxf3 16. Bxf3 $16) 15. axb5 {[%emt 0:00:08]} axb5 $15 {[%emt 0:01:29]} 16. Qa5 {[%emt 0:16:46]} Qb6 {[%emt 0:10:43]} 17. b4 {[%emt 0:09:00]} Qxa5 {[%emt 0:16:20]} 18. Rxa5 {[%emt 0:01:05]} Be7 {[%emt 0:00:04]} 19. Rxb5 {[%emt 0:03:00]} Ba6 {[%emt 0:00:03]} 20. Rb6 {[%emt 0:00:52]} Bxe2 {[%emt 0:00:37]} 21. Re1 {[%emt 0:00:15]} Nd5 {[%emt 0:01:28]} 22. Rb7 {[%emt 0:02:20]} Ba6 {[%emt 0:01:07]} 23. Ra7 {[%emt 0:03:04]} Bxb4 {[%emt 0:00:33]} 24. Nbd2 {[%emt 0:02:14]} Bd3 {[%emt 0:01:24]} 25. Rea1 {[%emt 0:01:28]} Bc3 {[%emt 0:03:51]} 26. R1a3 {[%emt 0:02:33]} Be2 {[%emt 0:00:36]} 27. Bf1 {[%emt 0:00:57]} Bxf1 {[%emt 0:05:58]} 28. Kxf1 {[%emt 0:00:15]} Bb4 {[%emt 0:00:22]} 29. Rb3 {[%emt 0:01:05]} Rc2 {[%emt 0:00:48]} 30. Ke2 {[%emt 0:04:24]} Rd8 {[%emt 0:02:11]} 31. Kd1 {[%emt 0:00:50]} Rcc8 {[%emt 0:00:44]} 32. Ke1 {[%emt 0:01:11]} Rc1+ {[%emt 0:00:15]} 33. Ke2 {[%emt 0:00:08]} Nc3+ {[%emt 0:00:45] Ra6} 0-1

[Event "Uralsk-ch Women 2019"]
[Site "Khanty-Mansiysk"]
[Date "2019.03.18"]
[Round "7.1"]
[White "Semenova, Elena"]
[Black "Mukhina, Jana"]
[Result "0-1"]
[WhiteElo "2238"]
[BlackElo "2038"]
[Annotator "TA"]
[PlyCount "102"]
[EventDate "2019.03.12"]
[EventType "swiss"]
[EventCountry "RUS"]
[SourceTitle "playchess.com"]
[Source "ChessBase"]
[SourceQuality "1"]

{[%evp 11,102,0,0,0,102,24,62,56,68,-1,16,21,23,24,23,15,20,21,25,8,15,5,16,15,82,74,97,53,49,66,66,56,57,48,165,165,135,68,112,87,119,117,105,29,30,25,35,-16,0,0,0,0,-22,-25,0,0,72,19,25,13,41,7,26,-85,-9,-20,-11,-4,0,-48,0,0,0,0,0,0,0,0,0,0,0,-12782,-12805,-6170,-6075,-5281,-2679,-29989,-29960,-6254,-5631,-2077,-1885]} 1. e4 c5 2. Nf3 d6 3. c3 Nf6 4. Bd3 Nc6 5. Bc2 Bg4 6. h3 Bh5 7. d3 {B50: Sicilian: 2...d6, Miscellaneous} Ne5 (7... e6 $11 {remains equal.}) (7... d5 8. Nbd2 e6 9. Qe2 Be7 10. Nf1 c4 11. exd5 cxd3 12. Bxd3 Nxd5 13. Ng3 Bg6 14. Bxg6 hxg6 15. Bd2 O-O 16. c4 Ndb4 17. O-O Qd3 18. Bc3 {½-½ (34) Salgado Lopez,I (2644)-Adly,A (2637) Riadh 2017}) 8. Ba4+ $146 (8. g4 $16 Nxf3+ 9. Qxf3) ({Predecessor:} 8. Nbd2 g5 9. g4 Nexg4 10. hxg4 Bxg4 11. Nf1 Rg8 12. Ne3 Bh5 13. Ba4+ Qd7 14. Rxh5 h6 15. d4 cxd4 16. Nxd4 e6 17. Bb5 Rb8 18. Nc4 d5 19. exd5 e5 20. d6 {1-0 (20) Patel,Y-Bitalzadeh,M Sibenik 2007}) 8... Ned7 9. g4 {White is slightly better.} Bg6 10. h4 (10. c4 $14) 10... h5 11. g5 Ng4 12. c4 e6 13. Nc3 Qc7 14. Bf4 Be7 15. Qd2 (15. Qe2 {looks sharper.} a6 16. O-O-O O-O-O 17. Kb1 Kb8 18. Bg3) 15... O-O 16. Nh2 Nxh2 17. Bxh2 Nb6 (17... f5 $11) 18. Bb3 a5 19. O-O a4 20. Bd1 Qd7 21. Be2 f6 22. f4 f5 ({Black should try} 22... fxg5 $14 23. hxg5 (23. fxg5 d5 $11) 23... d5 24. cxd5 exd5) 23. Qd1 $1 $18 Qe8 24. Qe1 (24. exf5 $16 Rxf5 25. Bf3) 24... Rd8 25. Rd1 Nc8 26. Bf3 Na7 27. exf5 (27. Qe2 $16) 27... Bxf5 $11 28. Bxb7 Nc6 $1 29. Bg3 (29. Rd2 $14) 29... Rb8 30. Bxc6 $1 Qxc6 31. Rd2 Bd8 32. Qe2 g6 (32... Ba5 {seems wilder.} 33. Rc2 d5 34. Qxh5 Qe8 35. Qxe8 Rfxe8 36. Rcc1 Rxb2 37. Nxa4 Rxa2 38. Ra1 Rxa1 39. Rxa1 Bb4) 33. Rc2 Bb6 {[#]} (33... d5 $11 {keeps the balance.}) 34. Ne4 (34. Nd1 $1 $16) 34... Bd8 35. Kh2 Rb7 36. Be1 Rbf7 37. Kg3 {[#]} (37. Qe3 $11) 37... Bg4 ({Black should play} 37... d5 $1 $17 {[%cal Rd5e4]} 38. cxd5 exd5 39. Nxc5 Re8) 38. Qg2 {aiming for Nf6+!} d5 39. cxd5 exd5 40. Nxc5 Bd1 {Threatens to win with ...Bc7.} (40... Qd6 $5 {[%cal Rf7f4]} 41. Bd2 (41. Kh2 Bd1 $17) 41... Re7 $11) 41. Rc1 Rxf4 $1 42. Rxf4 Rxf4 43. Kxf4 Qd6+ 44. Ke3 Qe5+ $40 {[%mdl 128] Black attacks.} 45. Kf2 Qe2+ 46. Kg1 $2 {[%mdl 8192]} (46. Kg3 $11 Qe5+ 47. Kf2 Qe2+ 48. Kg3 Bc7+ 49. Kh3 Qe3+ 50. Bg3 Bg4+ 51. Kh2 Bxg3+ 52. Qxg3 Qd2+ {[%mdl 64] Double Attack} 53. Qg2 Qf4+ 54. Qg3 Qd2+ {[%mdl 64] Double Attack} 55. Qg2 Qf4+ 56. Qg3 Qd2+ {[%mdl 64] Double Attack}) 46... Qxe1+ $19 {[%mdl 64] Double Attack} 47. Qf1 Qe3+ {[%mdl 64] Double Attack} 48. Qf2 Qxc1 49. Qd4 Bf3+ 50. Kf2 Bb6 51. Kxf3 Qf1+ {Accuracy: White = 38%, Black = 45%.} 0-1

[Event "Uralsk-ch Women 2019"]
[Site "Khanty-Mansiysk"]
[Date "2019.03.18"]
[Round "7.2"]
[White "Voskresenskaya, Marta"]
[Black "Kabanova, Ekaterina"]
[Result "0-1"]
[WhiteElo "1980"]
[BlackElo "2086"]
[Annotator "NA RC"]
[PlyCount "84"]
[EventDate "2019.03.12"]
[EventType "swiss"]
[EventCountry "RUS"]
[SourceTitle "playchess.com"]
[Source "ChessBase"]
[SourceQuality "1"]
[TimeControl "5400+30"]

{[%evp 8,73,22,2,39,36,94,27,54,0,64,34,40,16,47,9,22,0,6,2,6,-56,-45,-75,-60,-93,-62,-83,32767,32767,32767,-117,-68,-75,-9,-113,-106,-106,32767,32767,0,-141,-153,-153,32767,-189,-153,32767,-150,32767,32767,32767,32767,32767,-216,-250,-189,-187,-262,-248,-281,-317,32767,-333,-417,-363,-421,-536]} 1. d4 {[%emt 0:00:00]} e6 {[%emt 0:01:12]} 2. c4 {[%emt 0:00:00]} b6 {[%emt 0:01:53]} 3. e4 {[%emt 0:00:14]} Bb7 {[%emt 0:01:34]} 4. Nc3 {[%emt 0:02:52]} Bb4 {[%emt 0:00:18]} 5. Qc2 {[%emt 0:00:32]} Ne7 {[%emt 0:02:17]} (5... c5 6. d5 f5 7. a3 Ba5 8. Bd2 fxe4 9. Nxe4 Bxd2+ 10. Qxd2 Qe7 11. O-O-O Nf6 12. Nc3 O-O 13. Nf3 {1-0 (83) Melkumyan,H (2660)-Lomasov,S (2540) Douglas 2018}) 6. Bd3 {[%emt 0:01:05] A40: Unusual replies to 1 d4} f5 {[%emt 0:00:27]} ({Black should play} 6... d5 $14) 7. Nge2 {[%emt 0:03:53]} O-O {[%emt 0:01:31]} 8. O-O {[%emt 0:00:21]} Nbc6 $146 {[%emt 0:08:07]} ({Predecessor:} 8... Bxc3 $5 9. bxc3 (9. Nxc3 Nbc6 $11) 9... Nbc6 $14 (9... h6 10. a4 Qe8 11. a5 Qf7 12. Ba3 d6 13. f3 {1-0 (32) Raupp,T (2310)-Mueller,R (2190) Germany 2013})) 9. Be3 {[%emt 0:16:29]} Bxc3 {[%emt 0:07:28]} 10. bxc3 {[%emt 0:00:42]} Qe8 {[%emt 0:00:38]} 11. f3 {[%emt 0:12:22]} Na5 {[%emt 0:01:18]} 12. Nc1 {[%emt 0:06:15]} fxe4 {[%emt 0:01:12]} 13. fxe4 {[%emt 0:00:48]} Rxf1+ {[%emt 0:00:06]} 14. Bxf1 {[%emt 0:00:02]} ({White should try} 14. Kxf1 $11 d5 15. cxd5 exd5 16. e5) 14... Ba6 {[%emt 0:03:05]} 15. Qa4 {[%emt 0:11:49]} d6 {[%emt 0:10:47]} 16. Qxe8+ {[%emt 0:00:12]} Rxe8 {[%emt 0:00:01]} 17. c5 {[%emt 0:00:15]} Bxf1 {[%emt 0:00:03]} 18. Kxf1 {[%emt 0:00:02]} Nc4 {[%emt 0:00:09]} 19. Ke2 {[%emt 0:01:05]} bxc5 {[%emt 0:01:38]} 20. dxc5 {[%emt 0:09:37] [#]} d5 {[%emt 0:00:43]} (20... Nd5 $1 $17 {[%mdl 512]} 21. Bg5 (21. exd5 exd5) 21... h6 22. Bxh6 Nxc3+ 23. Kd3 Nxe4 24. Kxe4 d5+ 25. Kd4 gxh6) 21. e5 {[%emt 0:02:00]} (21. Kd3 $15) 21... Nxe5 {[%emt 0:01:08]} 22. Rb1 {[%emt 0:00:29]} N7c6 {[%emt 0:04:04]} 23. Rb7 {[%emt 0:00:57]} Rb8 {[%emt 0:00:09]} ({Black should try} 23... Re7 $17 24. Nb3 Nc4) 24. Rxb8+ {[%emt 0:00:48]} (24. Rxc7 $11 {was the only way to keep the balance.} Rb2+ 25. Kf1) 24... Nxb8 {[%emt 0:00:04]} 25. Nb3 {[%emt 0:00:10]} Nec6 {[%emt 0:00:50]} 26. Nd4 {[%emt 0:00:55]} (26. c4 $17) 26... Nxd4+ {[%emt 0:00:10]} 27. cxd4 {[%emt 0:00:08]} Nc6 {[%emt 0:01:48]} 28. a3 {[%emt 0:01:53]} Kf7 {[%emt 0:00:38]} 29. Kd3 {[%emt 0:00:06]} e5 {[%emt 0:01:40]} 30. dxe5 {[%emt 0:01:24]} Ke6 {[%emt 0:02:19]} ({Resist} 30... Nxe5+ 31. Kd4 $17) 31. Bf4 {[%emt 0:01:53]} Nxe5+ {[%emt 0:00:48]} 32. Kd4 {[%emt 0:00:10]} Nc6+ {[%emt 0:00:03]} 33. Kd3 {[%emt 0:00:21]} Kd7 {[%emt 0:00:02]} 34. g4 {[%emt 0:01:02]} (34. Be3 {was called for.}) 34... Nd8 {[%emt 0:00:26]} 35. Kc3 {[%emt 0:06:19]} Ne6 {[%emt 0:03:00]} 36. Be3 {[%emt 0:00:06]} Kc6 $19 {[%emt 0:00:49]} 37. Kb4 {[%emt 0:00:48]} Nxc5 {[%emt 0:01:26]} 38. Bxc5 {[%emt 0:00:05]} a5+ {[%emt 0:00:01]} 39. Kxa5 {[%emt 0:00:15]} Kxc5 {[%emt 0:00:02]} 40. a4 {[%emt 0:00:30]} d4 {[%emt 0:00:17]} 41. Ka6 {[%emt 0:00:02]} d3 {[%emt 0:00:33]} 42. a5 {[%emt 0:00:04]} Kb4 {[%emt 0:00:33]} 0-1